Neural Networks (Record no. 394840)
[ view plain ]
| 000 -LEADER | |
|---|---|
| fixed length control field | 00281 a2200121 4500 |
| 000 - LEADER | |
| fixed length control field | nam a22 7a 4500 |
| 100 ## - MAIN ENTRY--PERSONAL NAME | |
| Personal name | Vega Everly |
| 110 ## - MAIN ENTRY--CORPORATE NAME | |
| Corporate name or jurisdiction name as entry element | Vega Everly |
| 245 ## - TITLE STATEMENT | |
| Title | Neural Networks |
| 260 ## - PUBLICATION, DISTRIBUTION, ETC. | |
| Name of publisher, distributor, etc. | BRILLIANCE PUBLICATIONS |
| 264 ## - PRODUCTION, PUBLICATION, DISTRIBUTION, MANUFACTURE, AND COPYRIGHT NOTICE | |
| Name of producer, publisher, distributor, manufacturer | BRILLIANCE PUBLICATIONS |
| 942 ## - ADDED ENTRY ELEMENTS (KOHA) | |
| Koha item type | Books |
| Date last seen | Total checkouts | Barcode | Cost, replacement price | Price effective from | Koha item type | Lost status | Source of classification or shelving scheme | Damaged status | Not for loan | Withdrawn status | Home library | Current library | Date acquired | Source of acquisition | Cost, normal purchase price |
|---|---|---|---|---|---|---|---|---|---|---|---|---|---|---|---|
| 25/02/2026 | 438577 | 11677.40 | 25/02/2026 | Books | Dewey Decimal Classification | VIVEKANANDA LIBRARY | VIVEKANANDA LIBRARY | 25/02/2026 | 9 | 8758.05 |
